Sports Quiz

Random Sports or NCAA Quiz

SEC States Quiz Stats

 Plays Quiz Updated Feb 19, 2016

Support Sporcle.
Go Orange.
Score 0/11 Timer 01:30
0 Plays Today
State % Correct
Alabama
98.2%
Florida
96.4%
Georgia
95.3%
Mississippi
91.8%
Tennessee
91.8%
Texas
91.6%
South Carolina
90.9%
Louisiana
89%
Kentucky
88%
Arkansas
86.4%
Missouri
82.9%

From the Vault

Country by Repeated Letter

by puckett86

Do we have to repeat ourselves ourselves?
Remove Ads.
Support Sporcle.
Get the best of Sporcle when you Go Orange. This ad-free experience offers more features, more stats, and more fun while also helping to support Sporcle. Thank you for becoming a member.

Show Comments

Extras

Top Quizzes Today


Score Distribution

Your Account Isn't Verified!

In order to create a playlist on Sporcle, you need to verify the email address you used during registration. Go to your Sporcle Settings to finish the process.

Report this User

Report this user for behavior that violates our Community Guidelines.

Details: